Catálogo - Centro de Recursos para el Aprendizaje y la Investigación
Volver al Sitio - CRAI Biblioteca| 000 -CABECERA | |
|---|---|
| campo de control de longitud fija | 02310nam a2200325 4500 |
| 001 - NÚMERO DE CONTROL | |
| campo de control | 113459 |
| 003 - IDENTIFICADOR DEL NÚMERO DE CONTROL | |
| campo de control | DR-UNIBE |
| 005 - FECHA Y HORA DE LA ÚLTIMA TRANSACCIÓN | |
| campo de control | 20260311062603.0 |
| 008 - DATOS DE LONGITUD FIJA--INFORMACIÓN GENERAL | |
| campo de control de longitud fija | 250416b2024 dr ||||| |||| 00| 0 spa d |
| 020 ## - NÚMERO INTERNACIONAL ESTÁNDAR DEL LIBRO | |
| Número Internacional Estándar del Libro | 9789945251135 |
| 040 ## - FUENTE DE LA CATALOGACIÓN | |
| Centro catalogador/agencia de origen | BIBLIOTECA UNIBE |
| Lengua de catalogación | spa |
| Centro/agencia transcriptor | BIBLIOTECA UNIBE |
| Normas de descripción | rda |
| 041 ## - CÓDIGO DE LENGUA | |
| Código de lengua del texto/banda sonora o título independiente | spa |
| 082 ## - NÚMERO DE LA CLASIFICACIÓN DECIMAL DEWEY | |
| Número de edición | 22 |
| Número de clasificación | RD 972.9304 V422m 2024 |
| 100 #0 - ENTRADA PRINCIPAL--NOMBRE DE PERSONA | |
| Nombre de persona | Vega B., Wenceslao, |
| Forma completa/desarrollada del nombre | (Vega Boyrie, Wenceslao Nicolás), |
| Fechas asociadas al nombre | 1932- |
| Término indicativo de función/relación | autor |
| 9 (RLIN) | 195939 |
| 245 13 - MENCIÓN DE TÍTULO | |
| Título | La mediación extranjera en las guerras dominicanas de independencia, 1849-1859 / |
| Mención de responsabilidad, etc. | Wenceslao Vega B. ; presentación: Raymundo González ; edición : Área de publicaciones ; diagramación y cubierta: Juan Francisco Domínguez Novas ; cubierta: Esteban Rimoli |
| 250 ## - MENCIÓN DE EDICIÓN | |
| Mención de edición | Segunda edición |
| 260 ## - PUBLICACIÓN, DISTRIBUCIÓN, ETC. | |
| Lugar de publicación, distribución, etc. | Santo Domingo : |
| Nombre del editor, distribuidor, etc. | Archivo General de la Nación (AGN), |
| Fecha de publicación, distribución, etc. | 2024 |
| 300 ## - DESCRIPCIÓN FÍSICA | |
| Extensión | 172 páginaas : |
| Otras características físicas | fotos b/n ; |
| Dimensiones | 22 x 15 cm |
| 490 ## - MENCIÓN DE SERIE | |
| Mención de serie | Archivo General de la Nación ; |
| Designación de volumen o secuencia | 519 |
| 500 ## - NOTA GENERAL | |
| Nota general | Información del autor en las solapas |
| 505 ## - NOTA DE CONTENIDO CON FORMATO | |
| Nota de contenido con formato | Presentación a la segunda edición |<br/>Introducción |<br/>Capítulo I. Breve reseña histórica |<br/>Capítulo II. Los dominicanos en los albores de la emancipación |<br/>Capítulo III. Interés del trabajo |<br/>Capítulo IV. Injerencia de las potencias antes de la independencia dominicana |<br/>Capítulo V. Intereses de Haití y de las potencias sobre la República Dominicana |<br/>Capítulo VI. Las guerras domínico-haitinas |<br/>Capítulo VII. Los reconocimientos y los tratados |<br/>Capítulo VIII. La mediación |<br/>Capítulo IX. La tregua |<br/>Capítulo X. Las últimas campañas militares, 1855-1856 |<br/>Capítulo XI. Conclusiones |<br/>Bibliografía |<br/>Principales personajes que aparecen en este trabajo<br/> |
| 651 #7 - PUNTO DE ACCESO ADICIONAL DE MATERIA--NOMBRE GEOGRÁFICO | |
| Fuente del encabezamiento o término | lemb |
| Nombre geográfico | República Dominicana |
| Subdivisión general | Relaciones Exteriores |
| Subdivisión cronológica | 1844 |
| 9 (RLIN) | 194377 |
| 651 #7 - PUNTO DE ACCESO ADICIONAL DE MATERIA--NOMBRE GEOGRÁFICO | |
| Fuente del encabezamiento o término | lemb |
| Nombre geográfico | República Dominicana |
| Subdivisión general | Historia |
| -- | Mediación extranjera |
| 9 (RLIN) | 194378 |
| 651 #7 - PUNTO DE ACCESO ADICIONAL DE MATERIA--NOMBRE GEOGRÁFICO | |
| Fuente del encabezamiento o término | lemb |
| Nombre geográfico | República Dominicana |
| Subdivisión general | Historia |
| -- | Independencia Nacional |
| Subdivisión cronológica | 1849-1859 |
| 9 (RLIN) | 194379 |
| 700 10 - PUNTO DE ACCESO ADICIONAL--NOMBRE DE PERSONA | |
| Nombre de persona | Domínguez Novas, Juan Francisco |
| 9 (RLIN) | 127336 |
| Término indicativo de función/relación | diagramador |
| -- | cubierta |
| 700 10 - PUNTO DE ACCESO ADICIONAL--NOMBRE DE PERSONA | |
| Nombre de persona | Rimoli, Esteban |
| 9 (RLIN) | 193448 |
| Término indicativo de función/relación | diseño de cubierta |
| 700 10 - PUNTO DE ACCESO ADICIONAL--NOMBRE DE PERSONA | |
| Nombre de persona | González, Raymundo, |
| Fechas asociadas al nombre | 1961- |
| Forma completa/desarrollada del nombre | (González de Peña, Raymundo Manuel) |
| 9 (RLIN) | 144555 |
| Término indicativo de función/relación | presentador |
| 710 10 - PUNTO DE ACCESO ADICIONAL--NOMBRE DE ENTIDAD CORPORATIVA | |
| Nombre de entidad corporativa o nombre de jurisdicción como elemento de entrada | Archivo General de la Nación (AGN) |
| Unidad subordinada | Área de publicaciones |
| 9 (RLIN) | 194325 |
| Término indicativo de función/relación | edición |
| 942 ## - ELEMENTOS DE PUNTO DE ACCESO ADICIONAL (KOHA) | |
| Fuente del sistema de clasificación o colocación | Sistema de Clasificación Decimal Dewey |
| Tipo de ítem Koha | Libro (general) |
| Estado de retiro | Estado de pérdida | Fuente del sistema de clasificación o colocación | No para préstamo | Código de colección | Localización permanente | Fecha de adquisición | Total de préstamos | Signatura topográfica completa | Código de barras | Fecha visto por última vez | Número de copia | Precio válido a partir de | Tipo de ítem Koha |
|---|---|---|---|---|---|---|---|---|---|---|---|---|---|
| Disponible | Sistema de Clasificación Decimal Dewey | General - Libros dominicanos | Biblioteca Central UNIBE | 28/04/2025 | RD 972.9304 V422m 2024 | 250482 | 16/04/2025 | Ej. 1 | 16/04/2025 | Libro (general) |